00410nam a22001337a 4500008004100000020001800041050001900059100001200078245006700090250001100157260002600168300007000194650001200264170224b xxu||||| |||| 00| 0 eng d a9781269113038 aQC I .P49 2013 aId2013 aPhysics/bPHY 121 Applied Physics Wake Tech Community College. a1st ed aUSA:bPearson,c2013. a366p. :ill.bincludes bibliographical references and index.c28cm aPhysics